Fluid Mechanics : (Record no. 541220)

000 -LEADER
fixed length control field 01304cam a2200349 i 4500
001 - CONTROL NUMBER
control field 18071701
003 - CONTROL NUMBER IDENTIFIER
control field NUST
005 - DATE AND TIME OF LATEST TRANSACTION
control field 20210112110506.0
008 - FIXED-LENGTH DATA ELEMENTS--GENERAL INFORMATION
fixed length control field 140318s2014 nyua b 001 0 eng
010 ## - LIBRARY OF CONGRESS CONTROL NUMBER
LC control number 2013372091
020 ## - INTERNATIONAL STANDARD BOOK NUMBER
International Standard Book Number 9780073380322 (hbk)
038 ## - RECORD CONTENT LICENSOR
Staff Name SNS Library Staff
040 ## - CATALOGING SOURCE
Original cataloging agency DLC
Language of cataloging eng
Description conventions rda
Transcribing agency DLC
042 ## - AUTHENTICATION CODE
Authentication code pcc
050 00 - LIBRARY OF CONGRESS CALL NUMBER
Classification number TA357
Item number .C43 2014
082 ## - DEWEY DECIMAL CLASSIFICATION NUMBER
Classification number 620.106 CEN 2014
Author Mark CEN
100 1# - MAIN ENTRY--PERSONAL NAME
Personal name Çengel, Yunus A.
9 (RLIN) 2462
245 10 - TITLE STATEMENT
Title Fluid Mechanics :
Remainder of title Fundamentals and Applications
Statement of responsibility, etc. Yunus A. Çengel, Department of Mechanical Engineering, University of Nevada, Reno, John M. Cimbala, Department of Mechanical and Nuclear Engineering, The Pennsylvania State University.
250 ## - EDITION STATEMENT
Edition statement Third edition.
264 #1 - PRODUCTION, PUBLICATION, DISTRIBUTION, MANUFACTURE, AND COPYRIGHT NOTICE
Place of production, publication, distribution, manufacture New York :
Name of producer, publisher, distributor, manufacturer McGraw Hill,
Date of production, publication, distribution, manufacture, or copyright notice [2014]
300 ## - PHYSICAL DESCRIPTION
Extent xxii, 1000 pages :
Other physical details illustrations (chiefly color) ;
Dimensions 26 cm
336 ## - CONTENT TYPE
Content type term text
Content type code txt
Source rdacontent
337 ## - MEDIA TYPE
Media type term unmediated
Media type code n
Source rdamedia
338 ## - CARRIER TYPE
Carrier type term volume
Carrier type code nc
Source rdacarrier
440 ## - SERIES STATEMENT/ADDED ENTRY--TITLE
Title Fluid Mechanics
9 (RLIN) 35571
504 ## - BIBLIOGRAPHY, ETC. NOTE
Bibliography, etc. note Includes bibliographical references and index.
650 #0 - SUBJECT ADDED ENTRY--TOPICAL TERM
Topical term or geographic name entry element Fluid dynamics.
9 (RLIN) 1384
700 1# - ADDED ENTRY--PERSONAL NAME
Personal name Cimbala, John M.
9 (RLIN) 30266
906 ## - LOCAL DATA ELEMENT F, LDF (RLIN)
a 7
b cbc
c orignew
d 2
e ncip
f 20
g y-gencatlg
942 ## - ADDED ENTRY ELEMENTS (KOHA)
Source of classification or shelving scheme
Koha item type Book
Call number prefix 620.106 CEN 2014
Holdings
Withdrawn status Lost status Source of classification or shelving scheme Damaged status Not for loan Permanent Location Current Location Shelving location Date acquired Total Checkouts Full call number Barcode Checked out Date last seen Date last checked out Price effective from Koha item type
          School of Natural Sciences (SNS) School of Natural Sciences (SNS) General Stacks 10/28/2020 1 620.106 CEN 2014 SNS0003196 07/14/2022 03/16/2022 03/16/2022 01/12/2021 Book
© 2023 Central Library, National University of Sciences and Technology. All Rights Reserved.